| 000 | 00360nam a2200133Ia 4500 | ||
|---|---|---|---|
| 008 | 191201s2019 xx 000 0 und d | ||
| 082 | _a546 DEP | ||
| 100 | _aDEVALA, RAO. G | ||
| 245 | 0 | _aPractical Pharmaceutical Inorganic Chemistry | |
| 260 |
_bBirla Pub _aNew Delhi _c2019 |
||
| 300 | _a152 | ||
| 650 | _aPharmaceutical Inorganic Chemistry | ||
| 942 |
_2ddc _cBK |
||
| 999 |
_c8276 _d8276 |
||